Dopad pandémie na finančnú situáciu podnikov v zvolenom sektore bakalárska práca

Guardado en:
Detalles Bibliográficos
Autor principal: Kalatová, Anna
Autor Corporativo: Fakulta podnikového manažmentu EU. Katedra podnikových financií
Otros Autores: Moravčíková, Elena, 1967-
Formato: Libro
Lenguaje:eslovaco
Publicado: Bratislava 2023
Etiquetas: Agregar Etiqueta
Sin Etiquetas, Sea el primero en etiquetar este registro!

MARC

LEADER 00000nbm a2200000 4500
001 0293321
005 20240522120840.6
041 0 |a slo 
044 |a SK 
245 1 0 |a Dopad pandémie na finančnú situáciu podnikov v zvolenom sektore  |b bakalárska práca  |c Anna Kalatová ; školiteľ: Elena Moravčíková 
264 1 |a Bratislava  |c 2023 
300 |a 54 s. 
100 1 |a Kalatová, Anna 
700 1 |a Moravčíková, Elena, 1967- 
710 2 |a Fakulta podnikového manažmentu EU. Katedra podnikových financií